| 000 | 00626nam a2200205 a 4500 | ||
|---|---|---|---|
| 005 | 20240920064446.0 | ||
| 008 | 991125s1986 mx 000 0 spa u | ||
| 020 | _a8420512745 | ||
| 035 | _aUPN01000017603 | ||
| 049 | _aCG | ||
| 050 | 4 |
_aGV183.7 _bZ3.4 |
|
| 100 | 1 | _aZambrana Contreras, José Manuel | |
| 245 | 1 | 3 |
_aLa educación física y el disminuido psíquico / _cJosé Manuel Zambrana Contreras. |
| 260 |
_aMéxico : _bAlhambra, _c1986. |
||
| 300 |
_a99 p. : _bil. |
||
| 440 | 0 |
_aDeporte y sociedad ; _v13 |
|
| 650 | 4 |
_aEducación física _912884 |
|
| 650 | 0 |
_aPersonas con discapacidad mental _95134 |
|
| 905 | _aLibro | ||
| 999 |
_c17603 _d17603 |
||